header

College choices (Record no. 226979)

MARC details
000 -LEADER
fixed length control field 01540nam a22003494a 4500
245 00 - TITLE STATEMENT
Title College choices
260 ## - PUBLICATION, DISTRIBUTION, ETC. (IMPRINT)
Place of publication Chicago :
Name of publisher University of Chicago Press,
Year of publication 2004.
300 ## - PHYSICAL DESCRIPTION
Number of Pages x, 435 p. :
Other physical details ill.
490 1# - SERIES STATEMENT
Series statement A National Bureau of Economic Research conference report
650 #0 - SUBJECT ADDED ENTRY--TOPICAL TERM
Topical Term College choice
Topical Term Student aid
Topical Term College attendance
700 1# - ADDED ENTRY--PERSONAL NAME
Personal name Hoxby, Caroline Minter.
856 40 - ELECTRONIC LOCATION AND ACCESS
Uniform Resource Identifier http://site.ebrary.com/lib/rucke/Doc?id=10209977

No items available.

© 2026 Rongo University
Contact us: librarian | system librarian | Rongo university